Analysis of production parameter in profit and loss of poultry production at the poultry station of rua, ការវិភាគនៃប៉ារ៉ាម៉ែត្រផលិតកម្មចំណេញ និងការខាតបង់នៃការចិញ្ចឹមមាន់ នៅកសិដ្ឋាន សាកលវិទ្យាល័យភូមិន្ធកសិកម្ម. (Record no. 2098)
[ view plain ]
| 000 -LEADER | |
|---|---|
| fixed length control field | 00772nam a22001577a 4500 |
| 003 - CONTROL NUMBER IDENTIFIER | |
| control field | OSt |
| 005 - DATE AND TIME OF LATEST TRANSACTION | |
| control field | 20151006173303.0 |
| 008 - FIXED-LENGTH DATA ELEMENTS--GENERAL INFORMATION | |
| fixed length control field | 151006b xxu||||| |||| 00| 0 eng d |
| 040 ## - CATALOGING SOURCE | |
| Transcribing agency | RUA |
| 082 ## - DEWEY DECIMAL CLASSIFICATION NUMBER | |
| Classification number | AVM KOY 1997 B070 Or.1 |
| 100 ## - MAIN ENTRY--PERSONAL NAME | |
| 9 (RLIN) | 2225 |
| Personal name | KOY, KUNTHEAVY. |
| 245 ## - TITLE STATEMENT | |
| Title | Analysis of production parameter in profit and loss of poultry production at the poultry station of rua, ការវិភាគនៃប៉ារ៉ាម៉ែត្រផលិតកម្មចំណេញ និងការខាតបង់នៃការចិញ្ចឹមមាន់ នៅកសិដ្ឋាន សាកលវិទ្យាល័យភូមិន្ធកសិកម្ម. |
| 260 ## - PUBLICATION, DISTRIBUTION, ETC. (IMPRINT) | |
| Place of publication, distribution, etc. | phnom phen |
| Name of publisher, distributor, etc. | RUA |
| Date of publication, distribution, etc. | 1997 |
| 300 ## - PHYSICAL DESCRIPTION | |
| Extent | 52p. |
| Other physical details | ill. |
| Dimensions | 29cm. |
| 942 ## - ADDED ENTRY ELEMENTS (KOHA) | |
| Source of classification or shelving scheme | |
| Koha item type | AVM |
| Price effective from | Date last seen | Permanent Location | Not for loan | Date acquired | Source of classification or shelving scheme | Koha item type | Lost status | Withdrawn status | Date last checked out | Total Checkouts | Shelving location | Damaged status | Barcode | Current Location | Full call number |
|---|---|---|---|---|---|---|---|---|---|---|---|---|---|---|---|
| 2015-10-06 | 2023-01-31 | Library Block B | 2015-10-06 | AVM | 2023-01-20 | 1 | B070 | rua007086 | Library Block B | AVM KOY 1997 B070 Or.1 | |||||
| 2015-10-06 | 2015-10-06 | Library Block B | 2015-10-06 | AVM | B070 | rua008021 | Library Block B | AVM KOY 1997 B070 Or.2 | |||||||
| 2015-10-06 | 2015-10-06 | Library Block B | 2015-10-06 | AVM | B070 | rua007160 | Library Block B | AVM KOY 1997 B070 Or.3 | |||||||
| 2015-10-06 | 2015-10-06 | Library Block B | 2015-10-06 | AVM | B070 | rua007088 | Library Block B | AVM KOY 1997 B070 Or.4 | |||||||
| 2015-10-06 | 2016-05-30 | Library Block B | 2015-10-06 | AVM | 2016-05-17 | 1 | B070 | rua008163 | Library Block B | AVM KOY 1997 B070 Or.5 |